000 00588cam a22002172 4500
001 0000004229
005 20151217154346.0
008 070521s xx 000 0 eng d
020 _a8129706148 :
040 _aKABU
_cKABU
050 0 _aQA76.76
_b.O63N88 2004
100 1 _aNutt, Gary.
_@0000154686
245 1 0 _aOperating Systems.
250 _a3rd ed.
260 _aDelhi :
_bPearson Educ.,
_c2004.
300 _a928 p.
650 0 _aOperating systems (Computers)
_@0000146540
908 _a070521
950 _@1
999 _c10744
_d10744